Only when we agree! how value congruence moderates the impact of goal-oriented leadership on public service motivation (Record no. 510085)

000 -LEADER
fixed length control field 01765nam a2200205 4500
008 - FIXED-LENGTH DATA ELEMENTS--GENERAL INFORMATION
fixed length control field 190723b ||||| |||| 00| 0 eng d
100 ## - MAIN ENTRY--PERSONAL NAME
Personal name Jensen, Ulrich Thy
245 ## - TITLE STATEMENT
Title Only when we agree! how value congruence moderates the impact of goal-oriented leadership on public service motivation
260 ## - PUBLICATION, DISTRIBUTION, ETC. (IMPRINT)
Date of publication, distribution, etc 2019
300 ## - PHYSICAL DESCRIPTION
Extent p.12-24.
520 ## - SUMMARY, ETC.
Summary, etc Questions of how and when managers can motivate the workforce of public organizations are fundamental for scholars and practitioners alike. A dominant assertion is that goal‐oriented leadership strategies, such as transformational leadership, foster public service motivation (PSM). However, existing studies rely on designs that are vulnerable to endogeneity and rarely investigate the scope conditions of the leadership‐PSM relationship. Combining a field experiment with 364 managers and surveys of their 3,470 employees, the authors show that transformational leadership and transactional leadership, when induced experimentally, do not have the claimed positive effect on PSM. In fact, the results indicate that goal‐oriented leadership can have demotivating effects when employee and organizational values are incongruent. Public managers should therefore carefully assess existing levels of value (in)congruence before implementing goal‐oriented leadership strategies, and—in case of value conflicts—seek to align perceptions of the desirable among members of the organization. - Reproduced.
650 ## - SUBJECT ADDED ENTRY--TOPICAL TERM
Topical term or geographic name as entry element Civil service
9 (RLIN) 7276
650 ## - SUBJECT ADDED ENTRY--TOPICAL TERM
Topical term or geographic name as entry element Motivation
9 (RLIN) 7277
650 ## - SUBJECT ADDED ENTRY--TOPICAL TERM
Topical term or geographic name as entry element Public service motivation
9 (RLIN) 7278
700 ## - ADDED ENTRY--PERSONAL NAME
Personal name Andersen, Lotte Bogh
9 (RLIN) 7279
700 ## - ADDED ENTRY--PERSONAL NAME
Personal name Jacobsen, Christian Botcher
9 (RLIN) 7280
773 ## - HOST ITEM ENTRY
Main entry heading Public Administration Review
906 ## - LOCAL DATA ELEMENT F, LDF (RLIN)
Subject DIP Leadership
942 ## - ADDED ENTRY ELEMENTS (KOHA)
Source of classification or shelving scheme
Item type Articles
Holdings
Withdrawn status Lost status Source of classification or shelving scheme Damaged status Not for loan Permanent location Current location Date acquired Serial Enumeration / chronology Barcode Date last seen Koha item type
          Indian Institute of Public Administration Indian Institute of Public Administration 2019-07-23 79(1). Jan/Feb, 2019: p.12-24. AR120445 2019-07-23 Articles

Powered by Koha